000 00593nam a2200157Ia 4500
008 220216s9999 xx 000 0 und d
100 _aGireesh T
245 0 _aInterrelationship of morphological traits in ful-sib and half-sib progenies of Hevea brasiliensis
260 _bInternational Conference on Plant Biosystematics ICPB 2013, 22-24 January 2013, Department of Botany, S.B College, Changanassery, India, Abstracts, pp. 20-21.
650 _aHevea brasiliensis
650 _aMorphological traits
700 _aMydin K.K
700 _aPravitha M
700 _aVinod K.K
942 _cBS
999 _c49251
_d49251